El lápiz de rosalía (Record no. 183981)

MARC details
000 -LÍDER
campo de controle de tamanho fixo 00345 a2200157 4500
001 - NÚMERO DE CONTROLE
campo de controle 183981
020 ## - ISBN - INTERNATIONAL STANDARD BOOK NUMBER
ISBN - International Standard Book Number 84-348-3770-6
040 ## - FONTE DA CATALOGAÇÃO
Instituição que transcreveu o registro Magnum
100 ## - ENTRADA PRINCIPAL--NOME PESSOAL
Nome pessoal Amado, Antón Cortizas
240 10 - TÍTULO UNIFORME
Título uniforme El lápiz de rosalía
Idioma da obra ESP
245 10 - TÍTULO
Título El lápiz de rosalía
300 ## - DESCRIÇÃO FÍSICA
Extensão 62
362 0# - DATAS DE PUBLICAÇÃO E/OU DESIGNAÇÃO SEQUENCIAL
Datas de publicação e/ou designação sequencial 1999
697 ## - ENTRADA DE ASSUNTO LOCAL--ENTIDADE COLETIVA (RLIN)
Nome corporativo ou nome da jurisdição LITERATURA ESPANHOLA
942 ## - ELEMENTOS DE ENTRADA ADICIONADOS (KOHA)
Tipo de material Koha Livros
Holdings
Situação do descarte Situação das perdas Situação física Não pode ser emprestado Biblioteca de origem Biblioteca atual Data de aquisição Total de empréstimos Número de chamada completo Código de barras Data de último acesso Data do preço efetivo Tipo de material Koha
        Magnum Magnum 08/06/2024   863.9 MAG00041085 08/06/2024 08/06/2024 Livros